The Victoria Falls : (Record no. 120163)
[ view plain ]
| 000 -LEADER | |
|---|---|
| fixed length control field | 01080cam a2200265 i 4500 |
| 001 - CONTROL NUMBER | |
| control field | 2685992 |
| 003 - CONTROL NUMBER IDENTIFIER | |
| control field | ARRUPE |
| 005 - DATE AND TIME OF LATEST TRANSACTION | |
| control field | 20140225170228.0 |
| 008 - FIXED-LENGTH DATA ELEMENTS--GENERAL INFORMATION | |
| fixed length control field | 770411s1952 rh abch b 000 0 eng d |
| 035 ## - SYSTEM CONTROL NUMBER | |
| System control number | (OCoLC)ocm02878971 |
| 035 ## - SYSTEM CONTROL NUMBER | |
| System control number | (NNC)2685992 |
| 040 ## - CATALOGING SOURCE | |
| Original cataloging agency | EYW |
| Transcribing agency | EYW |
| Modifying agency | OCL |
| -- | ZCU |
| 050 ## - LIBRARY OF CONGRESS CALL NUMBER | |
| Classification number | SPC DT3020.V5 |
| Item number | C593 |
| 099 ## - LOCAL FREE-TEXT CALL NUMBER (OCLC) | |
| Classification number | 968.9 |
| -- | C547 |
| 300 ## - PHYSICAL DESCRIPTION | |
| Other physical details | ill. (part col.), facsims., maps, ports. ; |
| Dimensions | 25 cm. |
| 100 ## - MAIN ENTRY--PERSONAL NAME | |
| Personal name | Clark, J. Desmond |
| 9 (RLIN) | 8936 |
| 245 04 - TITLE STATEMENT | |
| Title | The Victoria Falls : |
| Remainder of title | a handbook to the Victoria Falls, the Batoka Gorge, and part of the Upper Zambesi River / |
| Statement of responsibility, etc | edited by J. Desmond Clark. |
| 260 ## - PUBLICATION, DISTRIBUTION, ETC. (IMPRINT) | |
| Place of publication, distribution, etc | [Lusaka], Northern Rhodesia : |
| Name of publisher, distributor, etc | Commission for the Preservation ofNatural and Historical Monuments and Relics, |
| Date of publication, distribution, etc | 1952. |
| 300 ## - PHYSICAL DESCRIPTION | |
| Extent | 160 p. : |
| 504 ## - BIBLIOGRAPHY, ETC. NOTE | |
| Bibliography, etc | Includes bibliographies. |
| 651 #0 - SUBJECT ADDED ENTRY--GEOGRAPHIC NAME | |
| Geographic name | Victoria Falls (Zimbabwe) |
| 9 (RLIN) | 8937 |
| 700 1# - ADDED ENTRY--PERSONAL NAME | |
| Personal name | Clark, J. Desmond |
| Fuller form of name | (John Desmond), |
| Dates associated with a name | 1916-2002. |
| 9 (RLIN) | 8938 |
| 710 1# - ADDED ENTRY--CORPORATE NAME | |
| Corporate name or jurisdiction name as entry element | Northern Rhodesia. |
| Subordinate unit | Commission for the Preservation of Natural and Historical Monuments and Relics. |
| 9 (RLIN) | 8939 |
| 942 ## - ADDED ENTRY ELEMENTS (KOHA) | |
| Source of classification or shelving scheme | Library of Congress Classification |
| Koha item type | Monograph ( Printed materials) |
| Withdrawn status | Lost status | Source of classification or shelving scheme | Damaged status | Not for loan | Collection code | Home library | Current library | Shelving location | Date acquired | Total Checkouts | Full call number | Barcode | Date last seen | Price effective from | Koha item type |
|---|---|---|---|---|---|---|---|---|---|---|---|---|---|---|---|
| Library of Congress Classification | Main Collection | ARRUPE LIBRARY | ARRUPE LIBRARY | Main Collection | 25/02/2014 | SPC DT3020.V5 C593 | 46500002272 | 25/02/2014 | 25/02/2014 | Monograph ( Printed materials) |